[Event "Hannover-ch U18"]
[Site "Lehrte"]
[Date "2010.10.09"]
[Round "1"]
[White "Pern, Jannik"]
[Black "Hapke, Nils"]
[Result "0-1"]
[WhiteElo "1196"]
[BlackElo "1545"]
[PlyCount "72"]
[EventDate "2010.10.09"]
[EventType "swiss"]
[EventRounds "7"]
[EventCountry "GER"]
[SourceTitle "EXT 2021"]
[Source "ChessBase"]
[SourceDate "2020.10.23"]
[SourceVersion "1"]
[SourceVersionDate "2020.10.23"]
[SourceQuality "1"]

1. e4 e6 2. d4 d5 3. e5 c5 4. c3 Qb6 5. Nf3 Nc6 6. Be2 Nh6 7. b3 Nf5 8. Be3 cxd4 9. cxd4 Bb4+ 10. Kf1 Bd7 11. a3 Be7 12. Nc3 Na5 13. b4 Nc4 14. Bxc4 dxc4 15. Na4 Qc7 16. Nc5 0-0 17. Qc2 b5 18. Bd2 Bc6 19. Qc3 Rfd8 20. Be3 Bxc5 21. bxc5 Rd7 22. Ke2 h6 23. a4 Qb7 24. Rab1 a6 25. Rhd1 Be4 26. Rb2 Bd3+ 27. Ke1 Rb8 28. axb5 axb5 29. Rb4 Qe4 30. Kd2 Qd5 31. Rg1 Be4 32. g4 Nxe3 33. Kxe3 Bxf3 34. Rgb1 Qe4+ 35. Kd2 Rxd4+ 36. Kc1 Rd1+ 0-1